Glass Stepping Stones - Squid Game - Statistics

General Stats
  • This quiz has been taken 6,343 times
  • The average score is 4 of 18
Answers on the Grid
Answers color-coded by a green-red scale on the quiz's grid according to % correct below.
 
Answer Stats
Answer % Correct
91%
58%
57%
38%
26%
19%
13%
9%
7%
7%
5%
4%
4%
4%
3%
3%
3%
3%
No matching quizzes found
Score Distribution
Percent of People with Each Score
Percentile by Number Answered
Your Score History
You have not taken this quiz